| 000 | 00659nam a2200217Ii 4500 | ||
|---|---|---|---|
| 003 | JO-AjNU | ||
| 008 | 230605s9999||||xx |||||||||||||| ||und|| | ||
| 017 | _a92/8744 | ||
| 020 | _a77-07-2550-0 | ||
| 040 |
_aJO-AjNU _bara _erda _cJO-AjNU |
||
| 041 | _aara | ||
| 050 | 1 | 4 | _aTD174.N37 1992 |
| 100 | 3 |
_aنصيف، مجدي, _eauthor _940608 |
|
| 245 | 0 | 0 | _aكارثة العصر الانسان يدمر كوكبه |
| 264 | 3 | 1 | _aالكويت :دار سعاد الصباح، 1992 |
| 300 | _a271ص | ||
| 336 |
_atext _btxt _2rdacontent |
||
| 337 |
_aunmediated _bn _2rdamedia |
||
| 338 |
_avolume _bnc _2rdacarrier |
||
| 650 | 4 |
_aكارثة العصر _940609 |
|
| 999 |
_aA17248 _c20816 _d20816 |
||